000
00285nam a22001337a 4500
008
170301b xxu||||| |||| 00| 0 eng d
020
_a
9780323012027
041
_a
eng
080
_a
61
100
_a
6
101
_a
SHM
245
_a
ACUTE OBSETRICS
_c
HEPPARD, M.C.S
942
_2
udc
_c
BK
999
_c
6495
_d
6495